Iman Ba Khuda (Record no. 1027)

MARC details
000 -LEADER
fixed length control field 00383nam a2200169 a 4500
082 00 - DEWEY DECIMAL CLASSIFICATION NUMBER
Classification number 234.2
Author Cutter ELD1
100 ## - MAIN ENTRY--AUTHOR NAME
Author name Elder, John
245 ## - TITLE STATEMENT
Title Iman Ba Khuda
260 ## - PUBLICATION, DISTRIBUTION, ETC. (IMPRINT)
Place of publication Egypt
Name of publisher Matba-E-Neel
Year of publication 1936
300 ## - PHYSICAL DESCRIPTION
Number of Pages 120
500 ## - GENERAL NOTE
General note includes index and biblioraphy
505 2# - FORMATTED CONTENTS NOTE
Formatted contents note Bibliography
650 ## - SUBJECT ADDED ENTRY--TOPICAL TERM
Topical Term Faith-Christianity
942 ## - ADDED ENTRY ELEMENTS (KOHA)
Koha item type Books
700 1# -
-- Elder, John
Holdings
Home library Current library Date acquired Cost, normal purchase price Full call number Accession Number Koha item type
Henry Martyn Institute Library Henry Martyn Institute Library 05/24/2005 20.00 234.2 ELD1 4933 Archive Book
Henry Martyn Institute Library Henry Martyn Institute Library 04/23/2018 20.00 234.2 ELD1 4997 Books
                   Copyright © 2026 | Henry Martyn Institute | Hyderabad | TS-500052 | INDIA | Implemented by hmi.edu.in
Hit-Count:

Powered by Koha